[Event "First Saturday 2011 june IM"]
[Site "Budapest"]
[Date "2011.06.13"]
[Round "10"]
[White "Kislik, Erik Andrew"]
[Black "Omarsson, Dadi"]
[Result "1-0"]
[WhiteElo "2347"]
[BlackElo "2225"]
[PlyCount "63"]
[EventDate "2011.06.04"]

1. e4 c5 2. Nf3 d6 3. d4 cxd4 4. Nxd4 Nf6 5. Nc3 g6 6. Be3 Bg7 7. f3 a6 8. Qd2
Nbd7 9. g4 b5 10. g5 Nh5 11. a4 bxa4 12. Rxa4 O-O 13. Nce2 Qc7 14. Ng3 Nxg3 15.
hxg3 Re8 16. Bb5 Rb8 17. Rc4 Qb7 18. Bxd7 Bxd7 19. b3 d5 20. exd5 Qxd5 21. Qh2
Rec8 22. Qxh7+ Kf8 23. Rxc8+ Bxc8 24. Qh4 e5 25. Ne2 Bf5 26. b4 Ke7 27. Bc5+
Kd7 28. Qh2 Qxf3 29. Rf1 Qd5 30. Qh7 Bh8 31. Rxf5 gxf5 32. g6 1-0

[Event "First Saturday 2011 june IM"]
[Site "Budapest"]
[Date "2011.06.13"]
[Round "10"]
[White "Battey, Alexander"]
[Black "Vas, Peter"]
[Result "1-0"]
[WhiteElo "2269"]
[BlackElo "2297"]
[PlyCount "103"]
[EventDate "2011.06.04"]

1. e4 e5 2. Nf3 Nc6 3. Bb5 Nf6 4. d3 Bc5 5. c3 d6 6. O-O O-O 7. Nbd2 a6 8. Ba4
Ba7 9. h3 Nh5 10. Bxc6 bxc6 11. Nc4 Qf6 12. Nfxe5 Ng3 13. Nxc6 Nxf1 14. Nxa7
Rxa7 15. Qxf1 Qg6 16. f4 f5 17. e5 d5 18. Na5 d4 19. Qf3 Qb6 20. Qd5+ Be6 21.
Qxd4 Qxd4+ 22. cxd4 c5 23. dxc5 Rd7 24. Be3 Rxd3 25. Kf2 Rb8 26. b3 Rc3 27. Rd1
Rc2+ 28. Rd2 Rxd2+ 29. Bxd2 Rb5 30. c6 Rc5 31. Ke3 h6 32. a4 g5 33. g3 Kg7 34.
Kd3 Kg6 35. b4 Rd5+ 36. Kc3 gxf4 37. Bxf4 Rd1 38. Nb7 Rb1 39. Nc5 Bc8 40. Nb7
Be6 41. Nc5 Bc8 42. Kc4 h5 43. h4 Kf7 44. b5 axb5+ 45. axb5 Rb2 46. Nb7 Be6+
47. Kc5 Rc2+ 48. Kd6 Bc4 49. b6 Bb5 50. Nd8+ Ke8 51. b7 Kxd8 52. b8=Q# 1-0

[Event "First Saturday 2011 june IM"]
[Site "Budapest"]
[Date "2011.06.13"]
[Round "10"]
[White "Pirisi, Gabor"]
[Black "Lyell, Mark"]
[Result "1/2-1/2"]
[WhiteElo "2243"]
[BlackElo "2171"]
[PlyCount "81"]
[EventDate "2011.06.04"]

1. c4 e5 2. Nc3 Nc6 3. g3 f5 4. Bg2 Nf6 5. e3 d5 6. cxd5 Nb4 7. d3 Nbxd5 8.
Nxd5 Nxd5 9. Nf3 Bd6 10. O-O c6 11. e4 Nf6 12. d4 fxe4 13. Nxe5 Be6 14. Bg5 O-O
15. Bxe4 Bxe5 16. Bxh7+ Kxh7 17. Qc2+ Kh8 18. dxe5 Qd5 19. Bxf6 Bh3 20. f3 gxf6
21. Qg6 Qf7 22. Qh6+ Qh7 23. Qxh7+ Kxh7 24. Rfe1 Rae8 25. exf6 Rxe1+ 26. Rxe1
Rxf6 27. Kf2 Kg7 28. g4 Bxg4 29. Rg1 Rxf3+ 30. Ke1 Rf4 31. h3 Kf6 32. hxg4 Kg5
33. Kd2 a5 34. Rc1 Kxg4 35. Rc5 Rf5 36. Rc4+ Kf3 37. Kc3 Ke3 38. Kc2 Rf4 39.
Rc5 a4 40. Rc3+ Ke2 41. a3 {after 12 move} 1/2-1/2

[Event "First Saturday 2011 june IM"]
[Site "Budapest"]
[Date "2011.06.13"]
[Round "10"]
[White "Chen, Yang"]
[Black "Lengyel, Bela"]
[Result "1/2-1/2"]
[WhiteElo "2080"]
[BlackElo "2296"]
[PlyCount "87"]
[EventDate "2011.06.04"]

1. e4 e5 2. Nf3 Nc6 3. Bc4 Nf6 4. d4 exd4 5. O-O Nxe4 6. Re1 d5 7. Bxd5 Qxd5 8.
Nc3 Qa5 9. Nxe4 Be6 10. Neg5 O-O-O 11. Nxe6 fxe6 12. Rxe6 Bd6 13. Bg5 Rde8 14.
Qe2 Kd7 15. Rxe8 Rxe8 16. Qd3 g6 17. Bd2 Qd5 18. c3 Ne5 19. Nxe5+ Qxe5 20. Qh3+
Qf5 21. Qxf5+ gxf5 22. cxd4 Kc6 23. Kf1 Kd5 24. Bc3 Kc4 25. h3 h5 26. Rc1 Kd3
27. Rd1+ Kc2 28. Rd2+ Kb1 29. a3 Ka2 30. d5 Kb3 31. Rd4 b6 32. Rh4 Bxa3 33.
bxa3 Kxc3 34. Rxh5 Kb3 35. Rh7 Rc8 36. d6 cxd6 37. Rxa7 d5 38. g4 fxg4 39. hxg4
d4 40. Rd7 Kc3 41. f4 Rg8 42. Ke2 Rxg4 43. Rc7+ Kb3 44. Kd3 1/2-1/2

[Event "First Saturday 2011 june IM"]
[Site "Budapest"]
[Date "2011.06.13"]
[Round "10"]
[White "Farago, Sandor"]
[Black "Foo, Benjamin"]
[Result "0-1"]
[WhiteElo "2281"]
[BlackElo "2195"]
[PlyCount "72"]
[EventDate "2011.06.04"]

1. e4 e5 2. Nf3 Nc6 3. Bb5 f5 4. d3 fxe4 5. dxe4 Nf6 6. Bg5 Bc5 7. Nc3 d6 8.
Bh4 O-O 9. Nd5 Ne7 10. Nxf6+ gxf6 11. Bc4+ Kg7 12. Qd2 Ng6 13. Bg3 f5 14. exf5
Bxf5 15. O-O-O Qf6 16. h4 h5 17. Ng5 Rad8 18. Be2 Rh8 19. Bf3 d5 20. Qc3 Bd4
21. Qb3 e4 22. Be2 Be5 23. Bxe5 Qxe5 24. g3 Rd6 25. c3 Ne7 26. Rhe1 Rb6 27. Qa3
Rhh6 28. f3 e3 29. Qc5 Rhc6 30. Ne6+ Kh8 31. Bd3 Rxc5 32. Nxc5 d4 33. Nb3 dxc3
34. f4 cxb2+ 35. Kb1 Qc3 36. Rxe3 Rd6 {after 2 move} 0-1

[Event "First Saturday 2011 june IM"]
[Site "Budapest"]
[Date "2011.06.13"]
[Round "10"]
[White "Hou, Qiang"]
[Black "Szalanczy, Emil"]
[Result "0-1"]
[WhiteElo "2284"]
[BlackElo "2276"]
[PlyCount "94"]
[EventDate "2011.06.04"]

1. e4 c5 2. Nf3 d6 3. d4 cxd4 4. Nxd4 Nf6 5. Nc3 g6 6. Be3 Bg7 7. f3 Nc6 8. Qd2
O-O 9. Bc4 Bd7 10. O-O-O Rc8 11. Bb3 Ne5 12. h4 Nc4 13. Bxc4 Rxc4 14. h5 Nxh5
15. g4 Nf6 16. Bh6 Nxe4 17. Qe3 Rxc3 18. bxc3 Nf6 19. Bxg7 Kxg7 20. Qh6+ Kh8
21. Ne2 Rg8 22. Rh2 Rg7 23. Rdh1 Kg8 24. g5 Nh5 25. Ng3 Qa5 26. Nxh5 gxh5 27.
Qxh5 Bf5 28. Qh4 Qxc3 29. Qa4 Qe3+ 30. Kb2 Rxg5 31. Rh5 Rxh5 32. Rxh5 Bg6 33.
Rh4 h5 34. Rb4 Qxf3 35. Qe8+ Kg7 36. Qxe7 Qf6+ 37. Qxf6+ Kxf6 38. Kc3 b6 39.
Kd2 d5 40. c3 Be4 41. Rb5 h4 42. Ke3 h3 43. Rb2 Ke5 44. Re2 f5 45. Kd2 Kf4 46.
Ke1 Kg3 47. Re3+ Kg2 0-1

[Event "First Saturday 2011 june IM"]
[Site "Budapest"]
[Date "2011.06.14"]
[Round "11"]
[White "Szalanczy, Emil"]
[Black "Kislik, Erik Andrew"]
[Result "0-1"]
[WhiteElo "2276"]
[BlackElo "2347"]
[PlyCount "88"]
[EventDate "2011.06.04"]

1. e4 c5 2. Nf3 Nc6 3. d4 cxd4 4. Nxd4 Nf6 5. Nc3 e5 6. Ndb5 d6 7. Be3 a6 8.
Na3 b5 9. Nd5 Rb8 10. Nxf6+ Qxf6 11. Be2 Nd4 12. Bxd4 exd4 13. O-O g6 14. Bf3
Bg7 15. Nb1 O-O 16. Nd2 Be6 17. Nb3 Rfc8 18. Qd2 d3 19. cxd3 Qxb2 20. Qa5 Qc3
21. Qa3 b4 22. Qa4 Qc6 23. Qxc6 Rxc6 24. d4 Rc2 25. Rfb1 Bxb3 26. axb3 Bxd4 27.
Rxa6 Rbc8 28. h4 Bxf2+ 29. Kh2 Bd4 30. h5 Be5+ 31. Kh3 R8c3 32. h6 Kf8 33. Ra7
Rc7 34. Ra4 Rb7 35. Kg4 Ke7 36. Ra8 Rbc7 37. Rb8 Bc3 38. Rb6 Bd2 39. Ra1 Bxh6
40. Rh1 Be3 41. Rxb4 h5+ 42. Kh3 Bf4 43. Rb8 R7c3 44. Kh4 Ke6 {after 41 move}
0-1

[Event "First Saturday 2011 june IM"]
[Site "Budapest"]
[Date "2011.06.14"]
[Round "11"]
[White "Foo, Benjamin"]
[Black "Hou, Qiang"]
[Result "0-1"]
[WhiteElo "2195"]
[BlackElo "2284"]
[PlyCount "192"]
[EventDate "2011.06.04"]

1. e4 e5 2. Nf3 Nc6 3. Bc4 Bc5 4. b4 Bxb4 5. c3 Ba5 6. d4 exd4 7. O-O Nge7 8.
cxd4 d5 9. exd5 Nxd5 10. Qb3 Be6 11. Ba3 Qd7 12. Nbd2 O-O-O 13. Ne4 Bb6 14. Nc5
Bxc5 15. Bxc5 Na5 16. Qa3 Nxc4 17. Qxa7 Qb5 18. Rfc1 Ndb6 19. Rab1 Qa6 20. Qxa6
bxa6 21. Bxb6 cxb6 22. Rxb6 Kd7 23. Rxa6 Ra8 24. Rxe6 Kxe6 25. Rxc4 Rhc8 26.
Rxc8 Rxc8 27. g3 Kd5 28. Kg2 f6 29. h3 Ra8 30. g4 Rxa2 31. Nh2 Kxd4 32. Nf3+
Ke4 33. Nh2 Kf4 34. Nf3 Ra3 35. Nh2 h5 36. gxh5 Kg5 37. Nf3+ Kxh5 38. Nh2 Kg5
39. Nf3+ Kf4 40. Nh2 Ke4 41. Nf1 Kd3 42. Ng3 Kd2 43. Nf5 Ra5 44. Nd4 Rg5+ 45.
Kf1 Kd3 46. Nf3 Rg6 47. Nh4 Rh6 48. Nf5 Rh7 49. Kg2 g6 50. Ne3 f5 51. Nf1 f4
52. Nh2 Ke2 53. Nf3 Rh5 54. Ng1+ Kd3 55. Nf3 Ra5 56. Ne1+ Ke4 57. Nf3 Ra3 58.
Nd2+ Kf5 59. Nf3 Rd3 60. Ne1 Rd1 61. Nf3 Rd5 62. Nh4+ Ke4 63. Nf3 Rf5 64. Nd2+
Kd3 65. Nf3 Ra5 66. Ne1+ Kd2 67. Nf3+ Kd1 68. Kh2 Ke2 69. Kg2 Kd3 70. Ne1+ Ke4
71. Nf3 Kf5 72. Nd4+ Kf6 73. Nf3 Rd5 74. Ng1 Kg7 75. Nf3 Kh6 76. Kg1 Rd1+ 77.
Kg2 Kh5 78. Kh2 g5 79. Kg2 Rd3 80. Ne5 Ra3 81. Kh2 Kh6 82. Kg2 Kg7 83. Nf3 Kf6
84. Nh2 Kf5 85. Nf3 Rc3 86. Nh2 Ke4 87. Ng4 f3+ 88. Kg3 Rc6 89. Nh2 Rc1 90. Kg4
Rg1+ 91. Kh5 Rg2 92. Ng4 Kf4 93. Kg6 Rxg4 94. hxg4 Kxg4 95. Kf6 Kh3 96. Kxg5
Kg2 0-1

[Event "First Saturday 2011 june IM"]
[Site "Budapest"]
[Date "2011.06.14"]
[Round "11"]
[White "Lengyel, Bela"]
[Black "Farago, Sandor"]
[Result "1/2-1/2"]
[WhiteElo "2296"]
[BlackElo "2281"]
[PlyCount "31"]
[EventDate "2011.06.04"]

1. e4 e5 2. Nf3 Nc6 3. Bb5 a6 4. Ba4 Nf6 5. O-O Be7 6. Re1 b5 7. Bb3 d6 8. c3
O-O 9. h3 Nb8 10. d4 Nbd7 11. Nbd2 Bb7 12. Bc2 c5 13. Nf1 Re8 14. Ng3 Bf8 15.
d5 g6 16. b3 1/2-1/2

[Event "First Saturday 2011 june IM"]
[Site "Budapest"]
[Date "2011.06.14"]
[Round "11"]
[White "Vas, Peter"]
[Black "Pirisi, Gabor"]
[Result "1/2-1/2"]
[WhiteElo "2297"]
[BlackElo "2243"]
[PlyCount "128"]
[EventDate "2011.06.04"]

1. e4 c5 2. Nf3 d6 3. d4 Nf6 4. dxc5 Nxe4 5. cxd6 Nxd6 6. Nc3 Nc6 7. Bf4 g6 8.
Bxd6 exd6 9. Bc4 Bg7 10. Qe2+ Qe7 11. Qxe7+ Nxe7 12. O-O-O Bg4 13. Nb5 O-O 14.
Nxd6 Bxf3 15. gxf3 Be5 16. c3 b6 17. Kc2 Kg7 18. Rhe1 Bf6 19. Ne4 Bh4 20. Rd7
Rfd8 21. Red1 Rxd7 22. Rxd7 f5 23. Ng3 Kf6 24. Rd4 Kg5 25. Be2 Rc8 26. f4+ Kf6
27. Rd6+ Kg7 28. Bf3 Rc7 29. Kd2 Nc8 30. Rd3 Kf8 31. Bd5 Nd6 32. Ke3 Re7+ 33.
Kf3 Re1 34. Re3 Rd1 35. Bb3 Rb1 36. Re2 Nb7 37. Ke3 Be7 38. Rd2 Nc5 39. Bd1 a5
40. f3 Ne6 41. Ne2 Bc5+ 42. Kd3 Ke7 43. Kc2 Ra1 44. Rd3 Bf2 45. b3 Nc5 46. Rd5
Ke6 47. c4 Rxa2+ 48. Kb1 Rxe2 49. Bxe2 Nxb3 50. Rb5 a4 51. Rb4 Bc5 52. Rxa4 Nd4
53. Bd1 Kf6 54. Ra7 h5 55. Kb2 Ne6 56. Kb3 Nxf4 57. Ra2 Ke5 58. Ka4 Nd3 59. Kb5
Kf4 60. Ra8 Ne5 61. Rg8 Bg1 62. h4 Bf2 63. Rc8 Kg3 64. Re8 Kf4 1/2-1/2